000 00575nam a2200205 i 4500
001 129040
003 ES-MaACL
005 20230906193427.0
007 t|
008 070605s1972 sp ||||1| spa d
080 _a860(729.1)-313.9"19"
100 1 _aTejera, Nivaria.
_9179303
245 1 0 _aSonámbulo del sol /
_cNívaria Tejera.
250 _a[1ª ed.].
260 _aBarcelona :
_bSeix Barral,
_c[1972]
300 _a233 p. :
_bil. ;
_c19 cm.
500 _aPremio de novela Biblioteca Breve 1971.
852 _aES-MaACL
_jC-42453
_bR.80794
999 _c129040
_d129040